القوة : 48 قاعده ترشدك إلى القوة / (Record no. 131328)

MARC details
000 -LEADER
fixed length control field 00578nam a22002057a 4500
005 - DATE AND TIME OF LATEST TRANSACTION
control field 20251108175322.0
008 - FIXED-LENGTH DATA ELEMENTS--GENERAL INFORMATION
fixed length control field 250721s2011 xx 000 0 ara d
082 14 - DEWEY DECIMAL CLASSIFICATION NUMBER
Classification number 158/غري
100 1# - MAIN ENTRY--PERSONAL NAME
Personal name غرين، روبرت
245 10 - TITLE STATEMENT
Title القوة : 48 قاعده ترشدك إلى القوة /
246 11 - VARYING FORM OF TITLE
Title proper/short title power
250 ## - EDITION STATEMENT
Edition statement ط2.
264 1# - PRODUCTION, PUBLICATION, DISTRIBUTION, MANUFACTURE, AND COPYRIGHT NOTICE
Place of production, publication, distribution, manufacture الرباط :
Name of producer, publisher, distributor, manufacturer إ للترجمه و النشر و التوزيع،
Date of production, publication, distribution, manufacture, or copyright notice 2011.
300 ## - PHYSICAL DESCRIPTION
Extent 739ص.
650 17 - SUBJECT ADDED ENTRY--TOPICAL TERM
Topical term or geographic name as entry element النجاح
650 17 - SUBJECT ADDED ENTRY--TOPICAL TERM
Topical term or geographic name as entry element الارادة
650 17 - SUBJECT ADDED ENTRY--TOPICAL TERM
Topical term or geographic name as entry element علم النفس
942 ## - ADDED ENTRY ELEMENTS (KOHA)
Source of classification or shelving scheme Dewey Decimal Classification
Koha item type Books
Holdings
حالة السحب حالة الفقدان مصدر التصنيف حالة التلف غير قابل للإعارة المكتبة الرئيسية المكتبة الحالية موقع الرف تاريخ التزويد الرقم المتسلسل Total Checkouts رقم الإستدعاء الباركود تاريخ آخر ظهور تاريخ الفاتورة نوع المادة (كوها)
    Dewey Decimal Classification     المكتبة المركزية المكتبة المركزية الإعارة 28/07/2025 1596464   158/غري PLD00320303 28/07/2025 28/07/2025 Books
    Dewey Decimal Classification     مكتبة أبو علندا العامة مكتبة أبو علندا العامة الإعارة 12/04/2015 1596468   158/غري PLD00320370 28/07/2025 12/04/2015 Books
    Dewey Decimal Classification     مكتبة الحسن العامة مكتبة الحسن العامة الإعارة 12/04/2015 1596467   158/غري PLD00320369 28/07/2025 12/04/2015 Books
    Dewey Decimal Classification     مكتبة صويلح العامة مكتبة صويلح العامة الإعارة 12/04/2015 1596465   158/غري PLD00320367 28/07/2025 12/04/2015 Books
    Dewey Decimal Classification     مكتبة وادي السير العامة مكتبة وادي السير العامة الإعارة 12/04/2015 1596466   158/غري PLD00320368 28/07/2025 12/04/2015 Books
Implemented & Customized by: BBB with SCIT (Smart Chains for Information Technology)

Powered by Koha